000 01151nam a2200349 a 4500
001 25411
003 CO-ViMGA
005 20230915232057.0
006 a3335403
008 141112s2004 ck r 000 u spa d
015 _aMON0808
017 _aGI 721 - 2007 Oficina Depósito Legal Girona
020 _a9788496871304
035 _a(OCoLC)433493864
040 _aCO-ViMGA
_bspa
_cCO-ViMGA
041 _aspa
_beng
080 _a821.111(73) - 91"19"
082 0 4 _a741.5 C67g
100 1 _aCorben, Richard
_938763
240 _aHaunt of horror Español
245 1 0 _aLa guarida del horror /
_cAdaptación de la obra de Edgar Allan Poe ; dibujo y grises, Richard Corben ; guión y diálogos, Rich Margopoulos ; traducción, Héctor Lorda
260 _aTorroella de Montgri,
_cGirona Panini Comics [2007]
300 _a[108] p. principalmente il. 29 cm
500 _a"Marvel" - - Cubierta
594 _aTraducido de : Haunt of horror
650 1 4 _aComics
_938764
650 1 4 _aHistorietas
_914186
700 1 _aMargopoulos, Rich
_938765
926 _aBNALCALA SG_PETANTI 12/509974 FONDO_MODE 1
942 _2ddc
_cBK
956 _a2
999 _c33007
_d33007